Оценка влияния ингибиторов парафинообразования на температурно-вязкостные характеристики нефти Южно-Майского нефтяного месторождения (Томская область); Проблемы геологии и освоения недр; Т. 2

Bibliografiset tiedot
Parent link:Проблемы геологии и освоения недр: труды XXIII Международного симпозиума имени академика М. А. Усова студентов и молодых ученых, посвященного 120-летию со дня рождения академика К. И. Сатпаева, 120-летию со дня рождения профессора К. В. Радугина, Томск, 8-12 апреля 2019 г./ Национальный исследовательский Томский политехнический университет, Инженерная школа природных ресурсов ; гл. ред. А. С. Боев ; под ред. Е. Ю. Пасечник.— , 2019
Т. 2.— 2019.— [С. 202-204]
Päätekijä: Чемякин А. С.
Yhteisötekijä: Национальный исследовательский Томский политехнический университет Инженерная школа природных ресурсов Отделение нефтегазового дела
Muut tekijät: Сидоренко А. В. (научный руководитель), Кустубаев А. А., Чеканцева Л. В. Лилия Васильевна
Yhteenveto:Заглавие с экрана
Kieli:venäjä
Julkaistu: 2019
Sarja:Современные технологии разработки нефтяных и газовых месторождений
Aiheet:
Linkit:http://earchive.tpu.ru/handle/11683/56529
Aineistotyyppi: MixedMaterials Elektroninen Kirjan osa
KOHA link:https://koha.lib.tpu.ru/cgi-bin/koha/opac-detail.pl?biblionumber=630027

MARC

LEADER 00000naa2a2200000 4500
001 630027
005 20231101133606.0
035 |a (RuTPU)RU\TPU\conf\30896 
035 |a RU\TPU\conf\30892 
090 |a 630027 
100 |a 20191011d2019 k y0rusy50 ca 
101 0 |a rus 
102 |a RU 
105 |a y z 100zy 
135 |a drcn ---uucaa 
181 0 |a i  
182 0 |a b 
200 1 |a Оценка влияния ингибиторов парафинообразования на температурно-вязкостные характеристики нефти Южно-Майского нефтяного месторождения (Томская область)  |f А. С. Чемякин, А. В. Сидоренко, А. А. Кустубаев  |g науч. рук. Л. В. Чеканцева 
203 |a Текст  |c электронный 
225 1 |a Современные технологии разработки нефтяных и газовых месторождений 
230 |a 1 компьютерный файл (pdf; 322 Kb) 
300 |a Заглавие с экрана 
320 |a [Библиогр.: с. 204 (3 назв.)] 
461 1 |0 (RuTPU)RU\TPU\conf\30471  |t Проблемы геологии и освоения недр  |o труды XXIII Международного симпозиума имени академика М. А. Усова студентов и молодых ученых, посвященного 120-летию со дня рождения академика К. И. Сатпаева, 120-летию со дня рождения профессора К. В. Радугина, Томск, 8-12 апреля 2019 г.  |o в 2 т.  |f Национальный исследовательский Томский политехнический университет, Инженерная школа природных ресурсов ; гл. ред. А. С. Боев ; под ред. Е. Ю. Пасечник  |d 2019 
463 1 |0 (RuTPU)RU\TPU\conf\30475  |t Т. 2  |v [С. 202-204]  |d 2019 
610 1 |a труды учёных ТПУ 
610 1 |a электронный ресурс 
610 1 |a ингибиторы 
610 1 |a парафинообразование 
610 1 |a нефтяные месторождения 
610 1 |a Томская область 
610 1 |a ингибиторы 
610 1 |a вязкость 
610 1 |a температура 
700 1 |a Чемякин  |b А. С. 
701 1 |a Сидоренко  |b А. В. 
701 1 |a Кустубаев  |b А. А. 
702 1 |a Чеканцева  |b Л. В.  |c специалист в области нефтегазового дела  |c заведующая лабораторией Томского политехнического университета, ассистент  |f 1965-  |g Лилия Васильевна  |2 stltpush  |4 727 
712 0 2 |a Национальный исследовательский Томский политехнический университет  |b Инженерная школа природных ресурсов  |b Отделение нефтегазового дела  |h 8084  |2 stltpush  |3 (RuTPU)RU\TPU\col\23546 
801 2 |a RU  |b 63413507  |c 20191024  |g RCR 
856 4 |u http://earchive.tpu.ru/handle/11683/56529 
942 |c BK